| 000 | 01185nam a2200337 i 4500 | ||
|---|---|---|---|
| 003 | EG-GICUC | ||
| 005 | 20260121101525.0 | ||
| 008 | 251218m20061426mk ||| fr||| 00| 0 ara|d | ||
| 017 | _a2005377 | ||
| 040 |
_a EG-GICUC _bara _c EG-GICUC _d EG-GICUC _erda |
||
| 041 | _aara | ||
| 082 | 0 | 4 |
_221 _a343.6 _bع ا . م |
| 092 | 0 | 4 | _221 |
| 099 | _aLaw1 10 343.6 ع ا . م 1 ed - 2006 | ||
| 100 | 0 |
_aعادل يحى قرنى _eمؤلف. |
|
| 245 | 1 | 0 |
_aمبادئ علمي الإجرام والعقاب / _cعادل يحى قرنى. |
| 250 | _aالطبعة الاولى | ||
| 264 | 1 |
_aعمان : _bاكاديمية السلطان قابوس لعلوم الشرطه، _c2006. |
|
| 300 |
_a؛ 455 صفحة _c24 سم. |
||
| 336 |
_2rda content _atext |
||
| 337 |
_2rda media _aComputer |
||
| 338 |
_2rda carrier _aOnline Resource |
||
| 504 | _aيحتوي على ارجاعات ببليوجرافية | ||
| 546 | _aالنص باللغة العربية | ||
| 650 | 1 | 4 |
_aعلم الإجرام _2qrmak |
| 650 | 1 | 4 |
_aعلم العقاب _2qrmak |
| 651 | 1 | _2qrmak | |
| 856 | 4 | 0 | _uhttps://fll.law.cu.edu.eg/fulltext/bks/B10-07216.pdf |
| 905 |
_a75 _eYara |
||
| 942 |
_2ddc _cBK _e21 _n0 |
||
| 999 |
_c51750 _d51750 |
||